Persidangan Khas Pegawai-pegawai Kanan Mengenai Perlaksanaan Projek-projek Pembangunan (13-14 March 1989:Kuala Lumpur)

Bibliographic Details
Format: Book

MARC

LEADER 00000cam a2200000 7i4500
001 0000006344
005 20000204.0
040 |a INS 
090 0 0 |a S134 
245 0 0 |a Persidangan Khas Pegawai-pegawai Kanan Mengenai Perlaksanaan Projek-projek Pembangunan (13-14 March 1989:Kuala Lumpur) 
999 |a S000000228   |b BOOK   |c Seminar   |e Default branch